000 01566nam0a2200373 4500
001 RU\NLR\BIBL_A\022613702
005 20251119165040.0
010 _a978-5-98450-881-0
_9100
021 _aRU
_bКН-П-25-041139
_9КН-П-25-4005
035 _a(NLR Aleph) 022613702
090 _a13465089
_c13465089
100 _a20250903d2025 u y0rusy50 ca
101 0 _arus
102 _aRU
105 _ay j 000yy
181 0 _ai4
_baxxe
182 0 _an
200 1 _aЛичная безопасность
_eюридические и психологические аспекты
_eучебное пособие
_fЧервяков А. С., Червякова М. А.
203 _aТекст
_bвизуальный
_cнепосредственный
210 _aАрхангельск
_cКИРА
_d2025
215 _a47, [1] с.
_d21
320 _aБиблиогр. в конце кн. (13 назв.)
333 _a16+
606 1 _aЛичная безопасность
_xПсихологические основы
_2nlr_sh1
_2nlr_sh2
_3RU\NLR\AUTH\661237459
606 1 _aОбстоятельства, исключающие уголовную ответственность
_2nlr_sh1
_2nlr_sh2
_3RU\NLR\AUTH\66369151
686 1 _aЮ93-68
686 1 _aЮ936.2
686 1 _aХ628.101.5
700 1 _aЧервяков
_bА. С.
_gАлександр Сергеевич
701 1 _aЧервякова
_bМ. А.
_gМарина Александровна
942 _cBOOK
980 _aNB